Los Jardines: Paisajistas jardineros poetas. Islam-Edad Media-Renacimiento-Barroco

Uloženo v:
Podrobná bibliografie
Hlavní autor: Baridon, Michel (Autor)
Médium: Kniha
Jazyk:španělština
Vydáno: Madrid Abada 2005
Edice:Historia del Arte y de la Arquitectura
Témata:
Tagy: Přidat tag
Žádné tagy, Buďte první, kdo vytvoří štítek k tomuto záznamu!

MARC

LEADER 00000nam a2200000 a 4500
001 UCH4495
003 CL-VaPUC
008 090820e20050000SP |||||||||||||||||spa|d
020 |a 8496258491 
082 0 4 |a 712  |b BAR  |2 21 
100 0 |a Baridon, Michel  |e author  |9 540010 
245 1 4 |a Los Jardines: Paisajistas jardineros poetas. Islam-Edad Media-Renacimiento-Barroco 
300 |a 641 p 
942 |c BK 
945 |d 20090820 00:00:00  |a dcastane 
260 |a Madrid  |b Abada  |c 2005 
650 0 |a Arquitectura paisajista  |9 333492 
650 0 |a Jardines  |9 268264 
650 7 |a HISTORIA DE LOS JARDINES  |2 CL-VaPUC  |9 540011 
583 |a last modification  |c 20090820 00:00:00  |k Rodrigo Vera 
490 0 |a Historia del Arte y de la Arquitectura 
999 |c 335786  |d 335784 
952 |0 0  |1 0  |4 0  |6 712_000000000000000_BAR_2005  |7 0  |8 A  |9 426505  |a BIBARQ  |b BIBARQ  |d 2019-11-22  |i 4588819  |o 712 BAR 2005  |p 4588819  |r 2025-01-20  |w 2019-11-22  |y BK  |k ARQ